000
00225nam a2200097Ia 4500
008
240625s9999 xx 000 0 und d
041
_a
eng
082
_a
332 TRA
100
_a
TRACY JOHN A
245
_a
FAST FORWARD MBA IN FINANCE
999
_c
32972
_d
32972